Vista normal
Vista MARC
- Lisio Basciani, Sergio Donato
Entrada Personal Name
Número de registros utilizados en: 1
001 - CONTROL NUMBER
- control field: 12759
003 - CONTROL NUMBER IDENTIFIER
- control field: OSt
005 - DATE AND TIME OF LATEST TRANSACTION
- control field: 20160728111554.0
008 - FIXED-LENGTH DATA ELEMENTS
- fixed length control field: 160728|| aca||aabn | a|a d
040 ## - CATALOGING SOURCE
- Original cataloging agency: OSt
- Transcribing agency: OSt
100 ## - HEADING--PERSONAL NAME
- Personal name: Lisio Basciani, Sergio Donato
670 ## - SOURCE DATA FOUND
- Source citation: Work cat.: (OSt)1262: Lisio Basciani, Sergio Donato, Los principios del liderazgo en el mensaje de los grandes maestros